Histoire des arts industriels au Moyen Age et à l'époque de la Renaissance / (Record no. 156754)

MARC details
000 -LEADER
campo de control de longitud fija 00733nam a2200193 i 4500
001 - NÚMERO DE CONTROL
campo de control 156754
003 - IDENTIFICADOR DE NÚMERO DE CONTROL
campo de control ES-MaACL
005 - FECHA Y HORA DE LA ÚLTIMA TRANSACCIÓN
campo de control 20230906210505.0
008 - DATOS DE LONGITUD FIJA--INFORMACIÓN GENERAL
campo de control de longitud fija 950113m18641866fr a |||| | fre d
040 ## - FUENTE DE CATALOGACIÓN
Centro catalogador/agencia de origen EUS
Lengua de catalogación spa
Centro/agencia transcriptor EUS
100 1# - ENTRADA PRINCIPAL--NOMBRE DE PERSONA
Nombre de persona Labarte, Jules.
9 (RLIN) 128539
245 10 - MENCIÓN DEL TÍTULO
Título Histoire des arts industriels au Moyen Age et à l'époque de la Renaissance /
Mención de responsabilidad, etc. par Jules Labarte.
260 ## - PUBLICACIÓN, DISTRIBUCIÓN, ETC.
Lugar de publicación, distribución, etc. Paris :
Nombre del editor, distribuidor, etc. Librairie de A. Morel,
Fecha de publicación, distribución, etc. 1864-1866 (
Fabricante Typographie de Henri Plon, imprimeur de l'Empereur)
300 ## - DESCRIPCIÓN FÍSICA
Extensión 6 v. (4 v. de texto a 24 cm y 2 v. de Album a 32 cm :
Otras características físicas il. ;
Dimensiones 25 cm.
597 ## - NOTA DE DESCRIPCIÓN FÍSICA
NOTA DE DESCRIPCIÓN FÍSICA Port. a dos tintas.
597 ## - NOTA DE DESCRIPCIÓN FÍSICA
NOTA DE DESCRIPCIÓN FÍSICA Antep.
650 04 - PUNTO DE ACCESO ADICIONAL DE MATERIA--TÉRMINO DE MATERIA
Término de materia o nombre geográfico como elemento de entrada Artes decorativas-
Subdivisión de forma Historia.
9 (RLIN) 10340
852 ## - LOCALIZACIÓN
Ubicación ES-MaACL
Número de control de estantería B-3816-21
Nota libre -- Enc. tela
Holdings
Estatus retirado Estado de pérdida Estado de daño No para préstamo Colección Biblioteca de origen Biblioteca actual Ubicación en estantería Fecha de adquisición Total de préstamos Signatura topográfica completa Código de barras Visto por última vez Precio de reemplazo Tipo de ítem Koha
        Libros del s. XIX Biblioteca del Ateneo de Madrid Biblioteca del Ateneo de Madrid Sala Pardo Bazán 17/01/2008   B-3816-21 1164000 23/02/2023 23/02/2023 Libro impreso antiguo